[Event "DEN-ch sf1"]
[Site "Svendborg"]
[Date "2024.03.29"]
[Round "2"]
[White "Meskenas, Paulius"]
[Black "Rewitz, Poul"]
[Result "0-1"]
[WhiteElo "2187"]
[BlackElo "2241"]
[PlyCount "60"]
[EventDate "2024.03.29"]
[EventType "swiss"]
[EventRounds "7"]
[EventCountry "DEN"]
[SourceTitle "CB16_2024"]
[SourceDate "2024.04.17"]
[SourceVersion "1"]
[SourceVersionDate "2024.04.17"]
[SourceQuality "1"]

1. e4 d5 2. exd5 Nf6 3. c4 c6 4. d4 cxd5 5. Nc3 Nc6 6. Nf3 Bg4 7. Be3 e6 8. h3 Bh5 9. g4 Bg6 10. Ne5 Be7 11. Bg2 0-0 12. Nxg6 hxg6 13. cxd5 Nxd5 14. Nxd5 exd5 15. 0-0 Qd7 16. f4 Rfe8 17. Qd3 Bd6 18. Bd2 Bc7 19. f5 Nxd4 20. Be3 Rxe3 21. Qxe3 Re8 22. Qxd4 Bb6 23. Qxb6 axb6 24. fxg6 fxg6 25. Rad1 d4 26. Rf3 Re2 27. Rfd3 Qc7 28. g5 Qe5 29. Kf1 Rxb2 30. Re1 Qh2 0-1

[Event "DEN-chT 2324 61st"]
[Site "Denmark"]
[Date "2024.01.27"]
[Round "5.6"]
[White "Rewitz, Poul"]
[Black "Vesterli, Michael"]
[Result "1-0"]
[WhiteElo "2199"]
[BlackElo "2201"]
[PlyCount "69"]
[EventDate "2023.10.28"]
[EventType "team-tourn"]
[EventRounds "9"]
[EventCountry "DEN"]
[SourceTitle "CB11_2024"]
[SourceDate "2024.03.13"]
[SourceVersion "1"]
[SourceVersionDate "2024.03.13"]
[SourceQuality "1"]
[WhiteTeam "Copenhagen 68"]
[BlackTeam "BMS"]
[WhiteTeamCountry "DEN"]
[BlackTeamCountry "DEN"]

1. g3 d5 2. Bg2 e5 3. Nf3 Nc6 4. d4 e4 5. Ne5 Bd6 6. Nxc6 bxc6 7. c4 Nf6 8. Nc3 0-0 9. Bg5 Be7 10. Qa4 Rb8 11. Rb1 Rb4 12. Qxa7 Rxc4 13. 0-0 c5 14. dxc5 Bxc5 15. Qa8 c6 16. Na4 Bd4 17. e3 Be5 18. Rfc1 Rb4 19. b3 Bd7 20. Qxd8 Rxd8 21. Bf4 Bxf4 22. gxf4 Kf8 23. Nc5 Ke7 24. Rb2 Ra8 25. Rbc2 Rb6 26. a4 Kd6 27. Bf1 Ra5 28. h4 Bc8 29. b4 Rxb4 30. Nxe4+ dxe4 31. Rxc6+ Ke7 32. Rxc8 Rbxa4 33. R8c7+ Ke8 34. Rb1 Nd7 35. Rbb7 1-0

[Event "EU-chT Seniors 50"]
[Site "Swidnica"]
[Date "2023.07.18"]
[Round "7.4"]
[White "Osiecki, Stanislaw"]
[Black "Rewitz, Poul"]
[Result "0-1"]
[WhiteElo "1981"]
[BlackElo "2217"]
[PlyCount "88"]
[EventDate "2023.07.12"]
[EventType "team-tourn"]
[EventRounds "9"]
[EventCountry "POL"]
[SourceTitle "CBM 215 Extra"]
[Source "ChessBase"]
[SourceDate "2023.09.30"]
[SourceVersion "1"]
[SourceVersionDate "2023.09.30"]
[SourceQuality "1"]
[WhiteTeam "Poland Amateurs 50"]
[BlackTeam "Denmark WriteUpp 50"]
[WhiteTeamCountry "POL"]
[BlackTeamCountry "DEN"]

1. e4 c6 2. d4 d5 3. e5 Bf5 4. Bd3 Bxd3 5. Qxd3 e6 6. Ne2 c5 7. c3 Nc6 8. 0-0 Nge7 9. Rd1 Nf5 10. Nd2 cxd4 11. cxd4 Nb4 12. Qb5+ Qd7 13. Qxd7+ Kxd7 14. Nf3 Be7 15. g4 Nh4 16. Nxh4 Bxh4 17. a3 Nc6 18. Bd2 Bd8 19. Kg2 Bb6 20. Bc3 h5 21. g5 h4 22. Rd3 Ne7 23. Nf4 Nf5 24. Rad1 Rac8 25. Rf3 g6 26. h3 Bd8 27. Bd2 Nxd4 28. Rd3 Nf5 29. Rb3 b6 30. Nd3 Rc4 31. Rc3 Rxc3 32. bxc3 Be7 33. c4 dxc4 34. Nb2 Rc8 35. Bb4+ Ke8 36. Rc1 b5 37. Bxe7 Nxe7 38. a4 c3 39. Nd3 bxa4 40. Ra1 Rc4 41. Kf3 Nc6 42. Ke3 Nd4 43. Ra2 c2 44. Nc1 Nb3 0-1

[Event "EU-chT Seniors 50"]
[Site "Swidnica"]
[Date "2023.07.15"]
[Round "4.4"]
[White "Rewitz, Poul"]
[Black "Lalic, Susan"]
[Result "0-1"]
[WhiteElo "2217"]
[BlackElo "2258"]
[PlyCount "174"]
[EventDate "2023.07.12"]
[EventType "team-tourn"]
[EventRounds "9"]
[EventCountry "POL"]
[SourceTitle "CBM 215 Extra"]
[Source "ChessBase"]
[SourceDate "2023.09.30"]
[SourceVersion "1"]
[SourceVersionDate "2023.09.30"]
[SourceQuality "1"]
[WhiteTeam "Denmark WriteUpp 50"]
[BlackTeam "England 50 (W)"]
[WhiteTeamCountry "DEN"]
[BlackTeamCountry "ENG"]

1. g3 e5 2. Nf3 e4 3. Nh4 d5 4. d3 Be7 5. dxe4 dxe4 6. Qxd8+ Bxd8 7. Nc3 f5 8. f3 exf3 9. exf3 Nc6 10. Bd2 g5 11. Ng2 Nd4 12. Kf2 c6 13. Bd3 Be6 14. Rhe1 Kf7 15. Na4 b6 16. Ne3 f4 17. Nc4 Bxc4 18. Bxc4+ Kf8 19. Bd3 fxg3+ 20. hxg3 Bf6 21. Nc3 h6 22. Ne4 Kg7 23. Nxf6 Kxf6 24. Re4 Rd8 25. Rae1 Rd6 26. Re8 Nxc2 27. Bc3+ Nd4 28. Rf8+ Kg7 29. Ree8 b5 30. Rd8 Rxd8 31. Rxd8 c5 32. Rxd4 cxd4 33. Bxd4+ Nf6 34. Bxb5 Rd8 35. Bc3 h5 36. a4 Kg6 37. a5 g4 38. Be2 gxf3 39. Bxf3 Kf5 40. Kg2 Ne4 41. Be1 Rc8 42. Bxe4+ Kxe4 43. Bc3 Rc4 44. Kf2 Rc6 45. Kg2 Ke3 46. Kh3 Rc4 47. Kg2 a6 48. Be5 Rc2+ 49. Kh3 Ke4 50. Bc3 Kf5 51. Bd4 Rd2 52. Bc3 Rd1 53. Bg7 Rh1+ 54. Kg2 Ra1 55. b4 Rb1 56. Bf8 Kg4 57. Bd6 Rb2+ 58. Kf1 Kf3 59. Ke1 Ke3 60. Bc5+ Kd3 61. Kf1 Kc4 62. Be7 Rxb4 63. Kg2 Ra4 64. Bd8 Kd5 65. Kh3 Ke6 66. Bb6 Kf5 67. Bc7 Ra2 68. Bd8 Rc2 69. Bb6 Rc1 70. Bd4 Rh1+ 71. Kg2 Rd1 72. Bb6 Kg4 73. Bc7 Rd2+ 74. Kg1 Kf3 75. Kh1 Rg2 76. Bd6 Rxg3 77. Kh2 Rg4 78. Kh3 Ra4 79. Bc7 Ke2 80. Bb6 Kd3 81. Kg3 Kc3 82. Bd8 Rg4+ 83. Kh3 Kb4 84. Bc7 Ka4 85. Bd8 Kb5 86. Bb6 Ra4 87. Bd8 Rxa5 0-1

[Event "Aarhus-chB"]
[Site "Aarhus"]
[Date "2023.02.12"]
[Round "5"]
[White "Rewitz, Poul"]
[Black "Hansen, John3333"]
[Result "1-0"]
[WhiteElo "2181"]
[BlackElo "2077"]
[PlyCount "97"]
[EventDate "2023.02.10"]
[EventType "tourn"]
[EventRounds "5"]
[EventCountry "DEN"]
[SourceTitle "EXT 2024"]
[Source "ChessBase"]
[SourceDate "2023.10.10"]
[SourceVersion "1"]
[SourceVersionDate "2023.10.10"]
[SourceQuality "1"]

1. Nf3 Nf6 2. b3 d6 3. Bb2 Nbd7 4. e3 g6 5. c4 Bg7 6. Nc3 0-0 7. d4 a6 8. Be2 c5 9. 0-0 cxd4 10. exd4 d5 11. c5 Re8 12. Na4 Ne4 13. Nd2 Nxd2 14. Qxd2 Nf6 15. Bf3 e6 16. Rfe1 Nd7 17. Rac1 b5 18. cxb6 Nxb6 19. Nxb6 Qxb6 20. Bxd5 Bb7 21. Bxb7 Qxb7 22. Rc4 Red8 23. Qf4 Rac8 24. Rxc8 Rxc8 25. Rc1 h5 26. Rxc8+ Qxc8 27. Qe4 Qd8 28. Bc3 Qd6 29. h3 Qa3 30. Qc2 Qd6 31. Qb2 Qd5 32. Qe2 Qd6 33. Qd2 Qd5 34. Qd3 Qd6 35. a4 e5 36. b4 exd4 37. Bd2 Kh7 38. b5 axb5 39. axb5 Qb6 40. Kf1 Qe6 41. Qc2 Qe5 42. Qb3 Qh2 43. b6 d3 44. Qxd3 Qh1+ 45. Ke2 Qxg2 46. Qf3 Qg1 47. b7 Qb1 48. Qd5 f5 49. Bf4 1-0

[Event "Aarhus-chB"]
[Site "Aarhus"]
[Date "2023.02.11"]
[Round "2"]
[White "Pedersen, Gunnar"]
[Black "Rewitz, Poul"]
[Result "0-1"]
[WhiteElo "2207"]
[BlackElo "2181"]
[PlyCount "76"]
[EventDate "2023.02.10"]
[EventType "tourn"]
[EventRounds "5"]
[EventCountry "DEN"]
[SourceTitle "EXT 2024"]
[Source "ChessBase"]
[SourceDate "2023.10.10"]
[SourceVersion "1"]
[SourceVersionDate "2023.10.10"]
[SourceQuality "1"]

1. e4 c6 2. d4 d5 3. e5 Bf5 4. g4 Bd7 5. Nc3 e6 6. Be3 h5 7. gxh5 c5 8. dxc5 Nc6 9. Nf3 Rxh5 10. Qd2 Nxe5 11. Nxe5 Rxe5 12. 0-0-0 Nf6 13. Bd4 Ne4 14. Qe3 Nxc3 15. Qxc3 Re4 16. Kb1 Rc8 17. Bd3 Rf4 18. Bxg7 Bxg7 19. Qxg7 Qf6 20. Qg3 Bc6 21. h4 d4 22. Rh2 Bf3 23. Re1 Rxc5 24. h5 Rg5 25. Qh3 Bxh5 26. Rg2 Ke7 27. Reg1 Rxg2 28. Qxg2 Bf3 29. Qg8 Qe5 30. a4 Bd5 31. Qc8 a6 32. b3 Qd6 33. Rg8 Kf6 34. Rd8 Qc6 35. Qb8 Rg4 36. Qh2 Ke7 37. Qh8 Rg1+ 38. Ka2 Qxa4+ 0-1

[Event "Wch Seniors 50 30th"]
[Site "Assisi"]
[Date "2022.11.23"]
[Round "8"]
[White "Paschall, William M"]
[Black "Rewitz, Poul"]
[Result "1-0"]
[WhiteElo "2343"]
[BlackElo "2172"]
[PlyCount "67"]
[EventDate "2022.11.15"]
[EventType "swiss"]
[EventRounds "11"]
[EventCountry "ITA"]
[SourceTitle "CBM 211 Extra"]
[Source "ChessBase"]
[SourceDate "2023.01.31"]
[SourceVersion "1"]
[SourceVersionDate "2023.01.31"]
[SourceQuality "1"]

1. c4 c6 2. Nf3 d5 3. e3 Nf6 4. Nc3 e6 5. b3 Be7 6. Bb2 0-0 7. Qc2 a6 8. Rg1 c5 9. g4 d4 10. g5 Nh5 11. Ne4 Nc6 12. a3 e5 13. Bd3 g6 14. Ng3 Ng7 15. h4 a5 16. Be4 Qc7 17. h5 a4 18. bxa4 Be6 19. Bd5 Rfd8 20. hxg6 hxg6 21. Qe4 Kf8 22. Rh1 Ke8 23. Rh8+ Bf8 24. d3 Rxa4 25. Bxc6+ bxc6 26. Nxe5 dxe3 27. Qxe3 Qb6 28. Bc3 Qb3 29. Ne4 Nf5 30. Qxc5 Rd6 31. Nxd6+ Nxd6 32. Qxc6+ Ke7 33. Qc7+ Ke8 34. Rxf8+ 1-0

[Event "Wch Seniors 50 30th"]
[Site "Assisi"]
[Date "2022.11.17"]
[Round "3"]
[White "Rewitz, Poul"]
[Black "Bellia, Fabrizio"]
[Result "0-1"]
[WhiteElo "2172"]
[BlackElo "2398"]
[PlyCount "116"]
[EventDate "2022.11.15"]
[EventType "swiss"]
[EventRounds "11"]
[EventCountry "ITA"]
[SourceTitle "CBM 211 Extra"]
[Source "ChessBase"]
[SourceDate "2023.01.31"]
[SourceVersion "1"]
[SourceVersionDate "2023.01.31"]
[SourceQuality "1"]

1. g3 g6 2. Bg2 Bg7 3. c3 e5 4. Nf3 d5 5. 0-0 Nc6 6. d4 e4 7. Ng5 h6 8. Nh3 Nf6 9. f3 0-0 10. Nf2 Re8 11. Na3 b6 12. Nc2 Ba6 13. Re1 Bb7 14. Bf4 g5 15. Bd2 Ne7 16. Ne3 c5 17. dxc5 bxc5 18. fxe4 dxe4 19. Qc2 Qd7 20. Rad1 Qe6 21. Qb3 Bd5 22. Qa3 Qb6 23. c4 Bb7 24. Ba5 Qa6 25. Qxc5 Rac8 26. Qb5 Qxb5 27. cxb5 Ned5 28. Nf5 Bf8 29. Rc1 Re5 30. Rxc8 Bxc8 31. Nd4 Bc5 32. Nc2 Ng4 33. e3 Ndxe3 34. Nxe3 Bxe3 35. Rxe3 Nxe3 36. Bxe4 Rxb5 37. Bc3 Bf5 38. a4 Rc5 39. Bf3 g4 40. Bb7 Rc7 41. Ba8 Kh7 42. Ne4 Kg6 43. Nd6 Bc2 44. a5 Bd3 45. Bd4 Nf5 46. Nxf5 Kxf5 47. Bg7 a6 48. Bc3 h5 49. h3 Re7 50. h4 Re3 51. Kf2 Re2+ 52. Kg1 Rc2 53. Bb7 Bc4 54. Bc6 Ke6 55. Bb7 f5 56. Bc8+ Kf7 57. Bxf5 Rc1+ 58. Kf2 Rf1+ 0-1

[Event "DEN-ch cand"]
[Site "Svendborg"]
[Date "2022.04.17"]
[Round "6"]
[White "Rewitz, Poul"]
[Black "Gjesme, Marius Enevold"]
[Result "1/2-1/2"]
[WhiteElo "2261"]
[BlackElo "1953"]
[PlyCount "157"]
[EventDate "2022.04.10"]
[EventType "swiss"]
[EventRounds "7"]
[EventCountry "DEN"]
[SourceTitle "CBM 207 Extra"]
[Source "ChessBase"]
[SourceDate "2022.05.31"]
[SourceVersion "1"]
[SourceVersionDate "2022.05.31"]
[SourceQuality "1"]

1. g3 d5 2. Bg2 e5 3. Nf3 Bd6 4. c4 dxc4 5. 0-0 Nf6 6. Na3 Be6 7. Qc2 0-0 8. Nxc4 Nc6 9. d3 Re8 10. a3 Bd5 11. Be3 h6 12. b4 a6 13. Rfd1 Qe7 14. Qc1 Qe6 15. Nxd6 cxd6 16. Qb2 Ne7 17. Bd2 Bc6 18. a4 Qd7 19. b5 axb5 20. a5 Ng6 21. Rdc1 Ra6 22. h4 Rea8 23. Ra3 Ne7 24. Rca1 Nfd5 25. e4 Nf6 26. Ne1 Nc8 27. Nc2 b6 28. axb6 Rxa3 29. Rxa3 Rxa3 30. Qxa3 Nxb6 31. Nb4 Bb7 32. Qa7 Na4 33. d4 Bc8 34. Qa5 exd4 35. f3 Nc5 36. Bf1 Nb3 37. Qa2 Nxd2 38. Qxd2 Qc7 39. Qxd4 Bd7 40. Nd3 Be6 41. g4 Nd7 42. g5 hxg5 43. hxg5 Bc4 44. f4 Qb6 45. Qxb6 Nxb6 46. Kf2 Kf8 47. Ke3 Ke7 48. Bh3 Kd8 49. Nb4 Kc7 50. Kd4 Nd7 51. Nd5+ Bxd5 52. Kxd5 Nb6+ 53. Kd4 Kc6 54. Bg2 Kd7 55. Bf3 Nc8 56. Be2 Kc6 57. Bd1 Ne7 58. Bb3 Ng6 59. Bxf7 Nxf4 60. e5 Kd7 61. Ke4 Ne6 62. Kf5 Nf8 63. Ba2 dxe5 64. Kxe5 Kc6 65. Bf7 b4 66. Bb3 Kc5 67. Ba2 Ng6+ 68. Ke6 Nh4 69. Ke5 Kb5 70. Bd5 Ka4 71. Be4 b3 72. g6 b2 73. Ke6 Nf3 74. Bc2+ Ka3 75. Kf7 Ka2 76. Kxg7 Ne5 77. Kf6 Nxg6 78. Kxg6 b1Q 79. Bxb1+ 1/2-1/2

[Event "DEN-ch cand"]
[Site "Svendborg"]
[Date "2022.04.16"]
[Round "5"]
[White "Jepsen, Thomas Tange"]
[Black "Rewitz, Poul"]
[Result "1/2-1/2"]
[WhiteElo "2051"]
[BlackElo "2261"]
[PlyCount "101"]
[EventDate "2022.04.10"]
[EventType "swiss"]
[EventRounds "7"]
[EventCountry "DEN"]
[SourceTitle "CBM 207 Extra"]
[Source "ChessBase"]
[SourceDate "2022.05.31"]
[SourceVersion "1"]
[SourceVersionDate "2022.05.31"]
[SourceQuality "1"]

1. d4 Nf6 2. c4 g6 3. Nc3 d5 4. Nf3 Bg7 5. Bf4 0-0 6. Rc1 Be6 7. c5 b6 8. b4 c6 9. e3 a5 10. b5 bxc5 11. dxc5 cxb5 12. Bxb5 a4 13. 0-0 Bg4 14. c6 Qb6 15. Qd4 Nfd7 16. Qxb6 Nxb6 17. Bc7 Bxc3 18. Rxc3 d4 19. Rc5 Nc8 20. Nxd4 Na6 21. Bxa6 Rxa6 22. f3 Be6 23. Nxe6 fxe6 24. Rb1 Nd6 25. Rc3 Raa8 26. Bxd6 exd6 27. Rb7 Rf7 28. Kf2 Rc8 29. Ke2 Rfc7 30. Rxc7 Rxc7 31. Kd3 Kf7 32. Kc2 Ke7 33. Kb2 Kd8 34. Ka3 Ra7 35. c7+ Kc8 36. Rc6 d5 37. f4 Rb7 38. g3 Rb1 39. Rxe6 Re1 40. Re5 Re2 41. h4 Kxc7 42. Kxa4 Rxa2+ 43. Kb5 Kd6 44. Kb4 Rc2 45. h5 gxh5 46. Rxh5 Rc4+ 47. Kb5 Rc5+ 48. Kb6 Rc6+ 49. Kb5 Rc5+ 50. Kb6 Rc6+ 51. Kb5 1/2-1/2

[Event "DEN-ch cand"]
[Site "Svendborg"]
[Date "2022.04.14"]
[Round "3"]
[White "Liu, Casper Yukun"]
[Black "Rewitz, Poul"]
[Result "1-0"]
[WhiteElo "2212"]
[BlackElo "2261"]
[PlyCount "75"]
[EventDate "2022.04.10"]
[EventType "swiss"]
[EventRounds "7"]
[EventCountry "DEN"]
[SourceTitle "CBM 207 Extra"]
[Source "ChessBase"]
[SourceDate "2022.05.31"]
[SourceVersion "1"]
[SourceVersionDate "2022.05.31"]
[SourceQuality "1"]

1. d4 g6 2. e4 Bg7 3. Nc3 d5 4. exd5 Nf6 5. Bc4 Nbd7 6. Nf3 0-0 7. 0-0 Nb6 8. Bb3 a5 9. a3 a4 10. Ba2 Nbxd5 11. Nxd5 Nxd5 12. c4 Nb6 13. h3 c5 14. Be3 Nd7 15. Qd2 Qa5 16. Rad1 Qxd2 17. Rxd2 b6 18. Re1 Re8 19. Bb1 Ba6 20. Be4 Rac8 21. Bc2 cxd4 22. Bxd4 Bxd4 23. Bxa4 Red8 24. Rxd4 Nc5 25. Bb5 Bxb5 26. cxb5 Ne6 27. Rxd8+ Rxd8 28. Ne5 Rd5 29. a4 Nc5 30. b3 Kf8 31. Nc4 Nd7 32. b4 e5 33. Kf1 f5 34. Ke2 Rd4 35. Rc1 Ke7 36. a5 bxa5 37. bxa5 Rd5 38. a6 1-0

[Event "DEN-chT 2122 59th"]
[Site "Denmark"]
[Date "2021.10.31"]
[Round "2.3"]
[White "Borge, Nikolaj"]
[Black "Rewitz, Poul"]
[Result "1-0"]
[WhiteElo "2381"]
[BlackElo "2264"]
[PlyCount "61"]
[EventDate "2021.10.30"]
[EventType "team-tourn"]
[EventRounds "9"]
[EventCountry "DEN"]
[SourceTitle "CBM 204 Extra"]
[Source "ChessBase"]
[SourceDate "2021.11.30"]
[SourceVersion "1"]
[SourceVersionDate "2021.11.30"]
[SourceQuality "1"]
[WhiteTeam "Hillerod"]
[BlackTeam "Copenhagen 68"]
[WhiteTeamCountry "DEN"]
[BlackTeamCountry "DEN"]

1. e4 c5 2. Nf3 Nc6 3. d4 cxd4 4. Nxd4 Nf6 5. Nc3 e5 6. Ndb5 d6 7. Nd5 Nxd5 8. exd5 Ne7 9. a4 Ng6 10. Be3 f5 11. a5 Bd7 12. Bxa7 Rxa7 13. Nxa7 Qh4 14. c3 Be7 15. Qb3 Qe4+ 16. Kd1 Qg4+ 17. f3 Qg5 18. Qxb7 e4 19. Bb5 Bxb5 20. Qc8+ Kf7 21. Qe6+ Kf8 22. Nxb5 Nf4 23. Nd4 Qxg2 24. Qxf5+ Ke8 25. Re1 Nd3 26. Qc8+ Kf7 27. Qe6+ Ke8 28. Re2 Qg1+ 29. Kc2 Qxa1 30. Rxe4 Ne5 31. Nf5 1-0

[Event "DEN-ch"]
[Site "Svendborg"]
[Date "2021.10.24"]
[Round "9"]
[White "Rewitz, Poul"]
[Black "Antonsen, Mikkel"]
[Result "0-1"]
[WhiteElo "2264"]
[BlackElo "2409"]
[PlyCount "70"]
[EventDate "2021.10.16"]
[EventType "tourn"]
[EventRounds "9"]
[EventCountry "DEN"]
[EventCategory "9"]
[SourceTitle "CBM 204 Extra"]
[Source "ChessBase"]
[SourceDate "2021.11.30"]
[SourceVersion "1"]
[SourceVersionDate "2021.11.30"]
[SourceQuality "1"]

1. f4 d5 2. Nf3 Bg4 3. e3 Nd7 4. h3 Bxf3 5. Qxf3 c6 6. d4 e6 7. Bd3 h5 8. g3 f5 9. c4 Ngf6 10. cxd5 cxd5 11. Nc3 a6 12. Qg2 Kf7 13. Bd2 Rc8 14. 0-0 Bd6 15. Rac1 Qe7 16. Nd1 Rxc1 17. Bxc1 Nb6 18. Nf2 g6 19. Bd2 Bb4 20. Bxb4 Qxb4 21. b3 Qd2 22. Qf3 Qxa2 23. Qd1 Rc8 24. Bb1 Qa3 25. Nd3 Rc3 26. Bc2 Ne4 27. Ne5+ Kg7 28. g4 hxg4 29. hxg4 Rxe3 30. Bxe4 dxe4 31. gxf5 exf5 32. Qc1 Qxb3 33. Qc7+ Kh6 34. Kf2 Rh3 35. Nf7+ Kh5 0-1

[Event "DEN-ch"]
[Site "Svendborg"]
[Date "2021.10.18"]
[Round "3"]
[White "Rewitz, Poul"]
[Black "Chatalbashev, Boris"]
[Result "1/2-1/2"]
[WhiteElo "2264"]
[BlackElo "2536"]
[PlyCount "117"]
[EventDate "2021.10.16"]
[EventType "tourn"]
[EventRounds "9"]
[EventCountry "DEN"]
[EventCategory "9"]
[SourceTitle "CBM 204 Extra"]
[Source "ChessBase"]
[SourceDate "2021.11.30"]
[SourceVersion "1"]
[SourceVersionDate "2021.11.30"]
[SourceQuality "1"]

1. d4 Nf6 2. Bg5 d5 3. Nd2 c5 4. e3 cxd4 5. exd4 Qb6 6. Bxf6 exf6 7. Qe2+ Qe6 8. g3 Nc6 9. c3 Bd6 10. Bh3 Qxe2+ 11. Kxe2 Be6 12. Nf1 h5 13. Ne3 h4 14. Bg2 Ne7 15. Kd2 g5 16. Nf3 Rc8 17. Ne1 f5 18. Nd3 f6 19. Rae1 Kf7 20. Nc2 a5 21. a3 b6 22. b4 g4 23. Rb1 Rc6 24. Rhc1 hxg3 25. hxg3 Rh2 26. Rh1 Bxg3 27. Rxh2 Bxh2 28. bxa5 bxa5 29. Nc5 Bf4+ 30. Ne3 Bg5 31. Nb7 Ke8 32. Bf1 f4 33. Bb5 fxe3+ 34. fxe3 Kf8 35. Bxc6 Nxc6 36. Nc5 Bf5 37. Rg1 Ne7 38. Ke2 Nc8 39. c4 Nb6 40. Rf1 Bc8 41. Rb1 Nxc4 42. Rb8 Bxe3 43. Rxc8+ Kf7 44. Rc7+ Kg6 45. Rd7 g3 46. Kf3 Bxd4 47. Nd3 Be5 48. Rd8 Bc7 49. Nf4+ Kf5 50. Rxd5+ Ne5+ 51. Kxg3 Ke4 52. Rc5 Bd6 53. Rxa5 Nd3 54. Ra4+ Ke3 55. Kg4 Bxf4 56. Kf5 Be5 57. Ra6 Kd4 58. Rxf6 Bxf6 59. Kxf6 1/2-1/2

[Event "DEN-ch"]
[Site "Svendborg"]
[Date "2021.10.17"]
[Round "2"]
[White "Thybo, Jesper Sondergaard"]
[Black "Rewitz, Poul"]
[Result "1-0"]
[WhiteElo "2602"]
[BlackElo "2264"]
[PlyCount "63"]
[EventDate "2021.10.16"]
[EventType "tourn"]
[EventRounds "9"]
[EventCountry "DEN"]
[EventCategory "9"]
[SourceTitle "CBM 204 Extra"]
[Source "ChessBase"]
[SourceDate "2021.11.30"]
[SourceVersion "1"]
[SourceVersionDate "2021.11.30"]
[SourceQuality "1"]

1. d4 f5 2. g3 Nf6 3. Bg2 g6 4. Nf3 Bg7 5. 0-0 0-0 6. c4 d6 7. Nc3 c6 8. Rb1 a5 9. Qb3 Kh8 10. Na4 Ra7 11. Rd1 Ne4 12. d5 cxd5 13. cxd5 b5 14. Qxb5 Rb7 15. Qd3 Rb4 16. b3 Ba6 17. Qe3 Nd7 18. Nd4 Rxd4 19. Rxd4 Bxd4 20. Qxd4+ Nef6 21. Qd2 Qa8 22. Bb2 Rc8 23. Qe3 Re8 24. h3 Kg8 25. g4 f4 26. Qxf4 Bxe2 27. Re1 Bb5 28. g5 Nh5 29. Qd4 Nf8 30. Bf3 e5 31. dxe6 Qxf3 32. Qh8# 1-0

[Event "Aarhus Chess House Summer"]
[Site "Aarhus"]
[Date "2021.08.01"]
[Round "9"]
[White "Koellner, Aaron Noah"]
[Black "Rewitz, Poul"]
[Result "0-1"]
[WhiteElo "2257"]
[BlackElo "2289"]
[PlyCount "136"]
[EventDate "2021.07.26"]
[EventType "swiss"]
[EventRounds "9"]
[EventCountry "DEN"]
[SourceTitle "CBM 203 Extra"]
[Source "ChessBase"]
[SourceDate "2021.09.30"]
[SourceVersion "1"]
[SourceVersionDate "2021.09.30"]
[SourceQuality "1"]

1. d4 f5 2. Bg5 g6 3. h4 Bg7 4. Nc3 d5 5. e3 c6 6. Bd3 Nd7 7. Qf3 Qb6 8. 0-0-0 e5 9. dxe5 Nxe5 10. Qg3 Nf7 11. Nge2 Nf6 12. Nd4 Nh5 13. Qf3 0-0 14. Bf4 Nxf4 15. Qxf4 Bh6 16. Na4 Qb4 17. Nxc6 Qxf4 18. Ne7+ Kg7 19. exf4 Bxf4+ 20. Kb1 Be6 21. Nc5 Kf6 22. Rhe1 Be5 23. Nxe6 Kxe6 24. Nxf5 gxf5 25. f4 Rg8 26. Rd2 Rg4 27. fxe5 Rxh4 28. Rf2 Nh6 29. g3 Rh3 30. c4 d4 31. c5 Rc8 32. Bc4+ Ke7 33. b4 b6 34. Ba6 Rc7 35. cxb6 axb6 36. Rd2 Rd7 37. Bb5 Rd5 38. Bc6 Rd8 39. Rd3 Ng4 40. Bb5 Ne3 41. Rc1 Nd5 42. Bc4 Nc3+ 43. Kb2 b5 44. Bb3 f4 45. Rf3 Rh2+ 46. Ka1 Ra8 47. Rfxc3 dxc3 48. gxf4 Rf8 49. Rxc3 Rxf4 50. Rc7+ Kd8 51. Rc1 Rxb4 52. Bd5 Rd4 53. Bf7 Re4 54. e6 Ree2 55. e7+ Kxe7 56. Bb3 h5 57. Rg1 h4 58. Rg7+ Kf6 59. Rf7+ Ke5 60. Rf1 h3 61. Kb1 Rhg2 62. a4 Rb2+ 63. Ka1 Rxb3 64. axb5 h2 65. b6 Rg1 66. b7 Rxf1+ 67. Ka2 Rxb7 68. Ka3 Ra1# 0-1

[Event "Aarhus Chess House Summer"]
[Site "Aarhus"]
[Date "2021.07.28"]
[Round "3"]
[White "Rewitz, Poul"]
[Black "Olsson, William"]
[Result "1/2-1/2"]
[WhiteElo "2289"]
[BlackElo "2221"]
[PlyCount "122"]
[EventDate "2021.07.26"]
[EventType "swiss"]
[EventRounds "9"]
[EventCountry "DEN"]
[SourceTitle "CBM 203 Extra"]
[Source "ChessBase"]
[SourceDate "2021.09.30"]
[SourceVersion "1"]
[SourceVersionDate "2021.09.30"]
[SourceQuality "1"]

1. g3 g6 2. Bg2 Bg7 3. c3 c5 4. d3 Nc6 5. Na3 Nf6 6. f4 0-0 7. Nf3 d5 8. 0-0 d4 9. e4 e5 10. cxd4 cxd4 11. Nc4 Nd7 12. f5 Nc5 13. g4 b5 14. Na3 Qb6 15. Nc2 b4 16. Nce1 Qb5 17. Nh4 Rd8 18. Qf3 Rd7 19. Qh3 Ba6 20. a4 bxa3 21. Rxa3 Nb3 22. Bg5 Nca5 23. f6 Bf8 24. Nf5 gxf5 25. Rxf5 Qb4 26. Nc2 Qc5 27. Bh6 Qxc2 28. Rg5+ Kh8 29. Bf1 Qd2 30. Rg7 Bxg7 31. fxg7+ Kg8 32. Bxd2 Nxd2 33. Rxa5 Rd6 34. Rxe5 Rc8 35. Be2 Rc1+ 36. Kf2 Rf6+ 37. Rf5 Rg6 38. g5 Bc8 39. Qg3 Bxf5 40. exf5 Rgc6 41. Qe5 Rc8 42. Qxd4 R1c5 43. Qf4 Nb3 44. f6 Nc1 45. Bf1 Re8 46. h4 a5 47. d4 Rc2+ 48. Kg1 Ne2+ 49. Bxe2 Rcxe2 50. h5 Rxb2 51. Qc1 Reb8 52. Qc5 Ra2 53. Qf5 a4 54. g6 Ra1+ 55. Kf2 Rb2+ 56. Ke3 Rb3+ 57. Kd2 Ra2+ 58. Kc1 Ra1+ 59. Kc2 Ra2+ 60. Kc1 Ra1+ 61. Kc2 Ra2+ 1/2-1/2

[Event "Aarhus Chess House Summer"]
[Site "Aarhus"]
[Date "2021.07.26"]
[Round "1"]
[White "Rewitz, Poul"]
[Black "Parra Becerra, Edgar Andre"]
[Result "1/2-1/2"]
[WhiteElo "2289"]
[BlackElo "2150"]
[PlyCount "40"]
[EventDate "2021.07.26"]
[EventType "swiss"]
[EventRounds "9"]
[EventCountry "DEN"]
[SourceTitle "CBM 203 Extra"]
[Source "ChessBase"]
[SourceDate "2021.09.30"]
[SourceVersion "1"]
[SourceVersionDate "2021.09.30"]
[SourceQuality "1"]

1. e4 c5 2. Nf3 Nc6 3. d4 cxd4 4. Nxd4 g6 5. c4 Nf6 6. Nc3 d6 7. Be2 Nxd4 8. Qxd4 Bg7 9. f3 0-0 10. Qf2 Be6 11. 0-0 Qa5 12. Rd1 Rfc8 13. Nd5 Bxd5 14. Bd2 Qa4 15. exd5 Nd7 16. b3 Qa3 17. Bc1 Qa5 18. Bd2 Qa3 19. Bc1 Qa5 20. Bd2 Qa3 1/2-1/2

[Event "DEN-ch Seniors 50+"]
[Site "Logumkloster"]
[Date "2021.06.05"]
[Round "7"]
[White "Rewitz, Poul"]
[Black "Olsen, Aage Dalstrup"]
[Result "1-0"]
[WhiteElo "2273"]
[BlackElo "2003"]
[PlyCount "65"]
[EventDate "2021.05.30"]
[EventType "swiss"]
[EventRounds "7"]
[EventCountry "DEN"]
[SourceTitle "CBM 203 Extra"]
[Source "ChessBase"]
[SourceDate "2021.09.30"]
[SourceVersion "1"]
[SourceVersionDate "2021.09.30"]
[SourceQuality "1"]

1. e4 c5 2. Nf3 d6 3. d4 cxd4 4. Nxd4 Nf6 5. Nc3 Bd7 6. f3 Nc6 7. Be3 a6 8. Qd2 e6 9. 0-0-0 Be7 10. Kb1 Qc7 11. g4 h6 12. Be2 Ne5 13. h3 b5 14. Rc1 Nc4 15. Bxc4 Qxc4 16. h4 b4 17. Nd1 e5 18. Nf5 Bxf5 19. gxf5 d5 20. b3 Qc6 21. Rg1 dxe4 22. f4 exf4 23. Bxf4 Rd8 24. Qh2 Nd5 25. Rxg7 Bf6 26. Be5 Bxg7 27. Bxg7 Kd7 28. c4 bxc3 29. Nxc3 Rhg8 30. Nxd5 Qxd5 31. Qc7+ Ke8 32. Bf6 Rg2 33. Qe7# 1-0